Drapeaux de pays avec le plus de jaune - Statistiques

Statistiques générales
  • Ce quiz a été pris 32 310 fois
  • Le résultat moyen est 7 sur 8
Statistiques - réponses
Par images Hint Réponse % Correct
44.8% Espagne
99%
50.0% Ukraine
99%
50.0% Colombie
94%
51.7% Vatican
93%
47.2% Équateur
86%
43.8% Bhoutan
82%
54.6% Brunei
61%
44.1% Saint-Vincent-et-les- Grenadines
50%
Aucun quiz correspondant
Distribution des résultats
% des personnes avec chaque résultat
Percentile par nombre de réponses
Votre historique - résultats
Vous n’avez pas pris ce quiz